000 00356nam a22001097a 4500
008 230619b xxu||||| |||| 00| 0 eng d
082 _a302
_bALH
100 _cAbdulla M. Al-Hammadi MD
245 _aTorturing A Nation
_bA Documented Study of the Iraqi Aggression Towards Kuwaiti People (2nd August 1990-26th February 1991)
300 _a655p
942 _2ddc
_cBK
999 _c1316
_d1316